Online Catalogue and eLibrary

Police (Record no. 5011)

MARC details
000 -LEADER
fixed length control field 00391nam a2200145Ia 4500
005 - DATE AND TIME OF LATEST TRANSACTION
control field 20240531012044.0
008 - FIXED-LENGTH DATA ELEMENTS--GENERAL INFORMATION
fixed length control field 240331s9999 xx 000 0 und d
082 ## - DDC Classification
Item Number - Author Mark ANA
Class No. 340
100 ## - MAIN ENTRY--PERSONAL NAME
Personal name Anandarajah,T.E
245 #0 - TITLE STATEMENT
Title Police
Statement of responsibility, etc. T.E. Anandarajah
260 ## - PUBLICATION, DISTRIBUTION, ETC.
Place of publication, distribution, etc. Colombo
Name of publisher, distributor, etc. International Cerntre for Ethic Studies
Date of publication, distribution, etc. 2001
300 ## - PHYSICAL DESCRIPTION
Extent (e.g. Volumes, Pages etc.) 52 p .,
650 ## - SUBJECT ADDED ENTRY--TOPICAL TERM
Topical term or geographic name entry element Law Enforcement in srilanka
942 ## - Koha item type (Biblio)
Koha item type Books in Stacks (Lending)
Holdings
Lost status Damaged status Collection code Home library Current library Shelving location Date acquired Full call number Accession Number Item type
    Lending WERC Library WERC Library Social Science Cupboard 03/31/2024 340 ANA 6592 Books in Stacks (Lending)

© WERC Library